• 首页
  • 本馆介绍
  • 公告通知
  • 最新文献
  • 馆藏检索
  • 电子资源
  • 读者导购
  • 参考咨询
  • 我的图书馆
  • 登录
  • 详细信息显示
  • 放入我的书架
  • 预约/预借图书
  • 作者相关作品
  • 分类相关作品
  • 丛书相关作品
  • 出版社相关作品

书目信息

  • 表格格式
  • 工作单格式
  • 卡片格式
题名:
复变函数·积分变换同步辅导及习题全解
    
 
作者: 苏志平 , 郭志梅 主编
分册:  
出版信息: 北京   中国水利水电出版社  2009
页数: 253页
开本: 21cm
丛书名: 高校经典教材同步辅导丛书·九章丛书
单 册:
中图分类: O174.5 , O177.6
科图分类:
主题词: 复变函数--高等学校--教学参考资料 , 积分变换--高等学校--教学参考资料 , 复变函数 , 积分变换
电子资源:
ISBN: 978-7-5084-6678-1
000 01187oam2 2200313 45
001 1029951003
005 20100429092041.65
010    @a978-7-5084-6678-1@dCNY12.80
100    @a20100420d2009 em y0chiy50 ea
101 0  @achi
102    @aCN@b110000
105    @ay zq 000yy
106    @ar
200 1  @a复变函数·积分变换同步辅导及习题全解@AFu Bian Han Shu· Ji Fen Bian Huan Tong Bu Fu Dao Ji Xi Ti Quan Jie@f苏志平,郭志梅主编@FSu Zhi Ping, Guo Zhi Mei Zhu Bian
210    @a北京@c中国水利水电出版社@d2009
215    @a253页@d21cm
225 2  @a高校经典教材同步辅导丛书·九章丛书
330    @a本书是根据多年的教学经验编写的,与西安交通大学高等数学教研室编的《复变函数》(第四版)以及东南大学数学系张元林编写的《积分变换》(第四版)相配套的辅导用书。
461  0 @12001 @a高校经典教材同步辅导丛书·九章丛书
606 0  @a复变函数@x高等学校@j教学参考资料
606 0  @a积分变换@x高等学校@j教学参考资料
606 0  @a复变函数
606 0  @a积分变换
690    @aO174.5@v4
690    @aO177.6@v4
701  0 @a苏志平@ASu Zhi Ping@g(高等教育)@4主编
701  0 @a郭志梅@AGuo Zhi Mei@g(数学)@4主编
801  0 @aCN@bTANGWEI@c20100429
905    @b0594736-40@dO174.5@e199@f5
    
    复变函数·积分变换同步辅导及习题全解/苏志平,郭志梅主编.-北京:中国水利水电出版社,2009
    253页;21cm.-(高校经典教材同步辅导丛书·九章丛书)
    
    
    ISBN 978-7-5084-6678-1:CNY12.80
    本书是根据多年的教学经验编写的,与西安交通大学高等数学教研室编的《复变函数》(第四版)以及东南大学数学系张元林编写的《积分变换》(第四版)相配套的辅导用书。
●
相关链接 在E读中查询图书 在五车中查询图书 在当当中查询图书 在豆瓣中查询图书


正题名:复变函数·积分变换同步辅导及习题全解     索取号:O174.5/199         预约/预借

序号 登录号 条形码 馆藏地/架位号 状态 备注
1 0594736   205947369   第二样本阅览室/ [索取号:O174.5/199] 在馆    
2 0594737   205947378   第三借阅区/ [索取号:O174.5/199] 在馆    
3 0594738   205947387   第三借阅区/ [索取号:O174.5/199] 在馆    
4 0594739   205947396   第三借阅区/ [索取号:O174.5/199] 在馆    
5 0594740   205947403   第三借阅区/ [索取号:O174.5/199] 在馆    
唐山师范学院图书馆 欢迎您!
大连网信软件有限公司© 版权所有